ბათუმის შოთა რუსთაველის სახელმწიფო უნივერსიტეტის ბიბლიოთეკა

ანალიტიკური ტერმინების ქმნადობის კრიტიკული ანალიზი საერტაშორისო ტერმინოლოგიური სტანდარტების მიხედვით (მიგრაციის ევროპული ქსელის (EMN) ტერმინთა განმარტებითი ლექსიკონის მასალაზე) (ბიბ.ჩანაწერი № 64150)

000 -ლიდერი
ფიქსირებული სიგრძის საკონტროლო ველი 01675nam a22001937a 4500
003 - საკონტროლო ნომრის იდენტიფიკატორი
საკონტროლო ველი Ge_BSU
005 - ბოლო ოპერაციის თარიღი და დრო
საკონტროლო ველი 20260421165028.0
008 - ფიქსირებული სიგრძის მონაცემთა ელემენტები - ზოგადი ინფორმაცია
ფიქსირებული სიგრძის საკონტროლო ველი 260421s2026 ge ||||| |||| 00| 0 geo d
041 ## - ენის კოდი
Language code of text/sound track or separate title geo
080 ## - უნივერსალური ათობითი კლასიფიკაციის ინდექსი
Universal Decimal Classification number 821.111 ფ-66
100 ## - მთავარი ჩანაწერი - პიროვნების სახელი
Personal name ფოფხაძე, თამთა
9 (RLIN) 27342
245 ## - ცნობა სათაურის შესახებ
Title ანალიტიკური ტერმინების ქმნადობის კრიტიკული ანალიზი საერტაშორისო ტერმინოლოგიური სტანდარტების მიხედვით (მიგრაციის ევროპული ქსელის (EMN) ტერმინთა განმარტებითი ლექსიკონის მასალაზე)
Remainder of title დისერტაცია /
Statement of responsibility, etc თამთა ფოფხაძე; სამეცნიერო ხელმძღვანელი ჟუჟუნა გუმბარიძე;ბსუ. ჰუმანიტარულ მეცნიერებათა ფაკულტეტი. ევროპეისტიკის დეპარტამენტი.
264 ## - წარმოების, გამოცემის, დისტრიბუციის და სხვა ცნობები
გამოცემის, წარმოების, დისტრიბუციის... ადგილი ბათუმი,
გამოცემის, წარმოების, დისტრიბუციის... თარიღი 2026.
300 ## - ფიზიკური აღწერა
Extent 233 გვ.:
Other physical details ილ.;
Dimensions 30 სმ.
504 ## - BIBLIOGRAPHY, ETC. NOTE
Bibliography, etc ბიბლიოგრ. გვ.227-232
700 ## - ADDED ENTRY--PERSONAL NAME
Personal name გუმბარიძე, ჟუჟუნა
Relator term სამეცნიერო ხელმძღვანელი
9 (RLIN) 27343
710 ## - ADDED ENTRY--CORPORATE NAME
Corporate name or jurisdiction name as entry element ბსუ. ჰუმანიტარულ მეცნიერებათა ფაკულტეტი.
Subordinate unit ევროპეისტიკის დეპარტამენტი.
9 (RLIN) 25564
942 ## - ADDED ENTRY ELEMENTS (KOHA)
Source of classification or shelving scheme
Koha item type დისერტაცია
ეგზემპლარები
ჩამოწერის სტატუსი დაკარგული ეგზემპლარის სტატუსი კლასიფიკაციის წყარო ან თაროზე გაწყობის სქემა დაზიანების სტატუსი არ გაიცემა მუდმივი მდებარეობა (დაცვის ადგილი) ამჟამინდელი ადგილსამყოფელი თაროზე განთავსების ადგილი შეძენის თარიღი სრული შენახვის შიფრი შტრიხკოდი ბოლო ოპერაციის თარიღი ეგზემპლარის მიმდევრობითი ნომერი (კეტერი?) ფასის ძალაში შესვლის თარიღი ეგზემპლარის სახეობა
          ბათუმის შოთა რუსთაველის სახელმწიფო უნივერსიტეტის მთავარი ბიბლიოთეკა ბათუმის შოთა რუსთაველის სახელმწიფო უნივერსიტეტის მთავარი ბიბლიოთეკა წიგნსაცავი 2026-04-21 821.111 ფ-66 454 დისერტაცია 2026-04-21 454 2026-04-21 დისერტაცია